[Event "BL2 West 1718 (Women)"]
[Site "Germany"]
[Date "2018.02.18"]
[Round "7.5"]
[White "Knop, Karin"]
[Black "Schrader, Elanor"]
[Result "0-1"]
[WhiteElo "1546"]
[BlackElo "1792"]
[PlyCount "118"]
[EventDate "2017.10.14"]
[EventType "team-tourn"]
[EventRounds "7"]
[EventCountry "GER"]
[SourceTitle "EXT 2019"]
[Source "ChessBase"]
[SourceDate "2018.10.10"]
[SourceVersion "1"]
[SourceVersionDate "2018.10.10"]
[SourceQuality "1"]
[WhiteTeam "Heiden (W)"]
[BlackTeam "Paderborn Blauer Springer (W)"]
[WhiteTeamCountry "GER"]
[BlackTeamCountry "GER"]

1. e4 c5 2. Nf3 Nc6 3. d4 cxd4 4. Nxd4 g6 5. Nc3 Bg7 6. Be3 Nf6 7. Bc4 0-0 8. Qd2 Na5 9. Bd3 Ng4 10. h3 Nxe3 11. Qxe3 Qb6 12. Nb3 Qxe3+ 13. fxe3 Bxc3+ 14. bxc3 Nc6 15. Ke2 d6 16. Rhf1 Be6 17. a3 Ne5 18. Nd2 Rac8 19. Rab1 b6 20. Ra1 Rxc3 21. a4 Rfc8 22. Rfd1 Kg7 23. a5 b5 24. a6 Nc4 25. g4 Na3 26. Rdc1 b4 27. Kd1 h5 28. gxh5 gxh5 29. h4 Bg4+ 30. Ke1 Nxc2+ 31. Rxc2 Rxd3 32. Rxc8 Bxc8 33. Ke2 Rc3 34. Rb1 Bxa6+ 35. Kf2 b3 36. Rxb3 Rxb3 37. Nxb3 Kf6 38. Kf3 Ke5 39. Na5 Bb5 40. Nb3 Bc6 41. Nd2 d5 42. exd5 Bxd5+ 43. Kg3 a5 44. e4 Be6 45. Kf3 a4 46. Nb1 Kd4 47. Kf4 Kd3 48. Kg5 Bg4 49. e5 Kc2 50. Na3+ Kb3 51. Nb5 a3 52. Nxa3 Kxa3 53. Kh6 f5 54. exf6 exf6 55. Kg6 f5 56. Kg5 Kb4 57. Kf4 Kc3 58. Ke3 Kc4 59. Kf4 Kd4 0-1